| 000 | 00558nam a2200217Ia 4500 | ||
|---|---|---|---|
| 003 | OSt | ||
| 005 | 20230425144927.0 | ||
| 008 | 210423s1992 xx 000 0 und d | ||
| 020 | _a8120405919 | ||
| 040 | _cAL | ||
| 041 | _aeng | ||
| 082 | _a660.6 RAON | ||
| 100 |
_aRAO (N S Subba);others. _992717 |
||
| 245 | _aNew trends in biotechnology. | ||
| 260 |
_aNew Delhi _bOxford University Press _c1992 |
||
| 300 |
_axiii,444 _bPB |
||
| 365 |
_b495 _cINR |
||
| 650 |
_aBiotechnology _992718 |
||
| 906 | _abiotechnology. ; New ; trends | ||
| 942 |
_2ddc _cBK |
||
| 999 |
_c162668 _d162668 |
||